000 00527ntaaa2200193 4500
003 01
005 20251027202317.0
008 0714s1973 ag 01
040 _aAR-BaBN
_bspa
_cAR-BaBN
_eaacr
_dRIC
082 _a280.1000 Ou8
100 _aOutler, Albert Co
_921689
245 _aChristian tradition and the unity we seek
250 _a1 ed.
260 _aNew York :
_bOxford University Press,
_cc1957
300 _a165 p
500 _aLa tradición cristiana y la unidad que se busca
650 _aecumenismo
942 _cBK
999 _c17923
_d17923